Southville International School and Colleges
Your cart is empty.
  • Cart
  • Lists
    Public lists Eva Luna New books Lux_list list_1
    Your lists Log in to create your own lists
  • Log in to your account
  • Your cookies
  • Search history
Southville International School and Colleges
  • Advanced search
  • Recent comments
  • Most popular
  • Libraries

Log in to your account

Log in with GOOGLE


If you do not have an external account, but do have a local account, you can still log in:

  1. Home
  2. MARC view: The 17 essential qualities of a team player :
Normal view MARC view ISBD view

The 17 essential qualities of a team player : (Record no. 356957)

[ view plain ]
MARC details
000 -LEADER
fixed length control field 00644nam a2200217Ia 4500
008 - FIXED-LENGTH DATA ELEMENTS--GENERAL INFORMATION
fixed length control field 180523s9999 xx 000 0 und d
020 ## - INTERNATIONAL STANDARD BOOK NUMBER
International Standard Book Number 0-7852-6313-6
050 ## - LIBRARY OF CONGRESS CALL NUMBER
Classification number MAIN HD 66
050 ## - LIBRARY OF CONGRESS CALL NUMBER
Item number .M39 2002
100 ## - MAIN ENTRY--PERSONAL NAME
Personal name Maxwell, John C.
245 #4 - TITLE STATEMENT
Title The 17 essential qualities of a team player :
245 #0 - TITLE STATEMENT
Remainder of title becoming the kind of person every team wants /
245 #0 - TITLE STATEMENT
Statement of responsibility, etc John C. Maxwell.
260 ## - PUBLICATION, DISTRIBUTION, ETC. (IMPRINT)
Place of publication, distribution, etc Nashville :
260 ## - PUBLICATION, DISTRIBUTION, ETC. (IMPRINT)
Name of publisher, distributor, etc Thomas Nelson Publishers,
260 ## - PUBLICATION, DISTRIBUTION, ETC. (IMPRINT)
Date of publication, distribution, etc 2002
300 ## - PHYSICAL DESCRIPTION
Extent 156 pages :
300 ## - PHYSICAL DESCRIPTION
Dimensions 18 cm.
500 ## - GENERAL NOTE
General note Includes bibliographical references.
650 ## - SUBJECT ADDED ENTRY--TOPICAL TERM
Topical term or geographic name as entry element Teams in the workplace -- Psychological aspects.
Holdings
Withdrawn status Lost status Damaged status Home library Current library Shelving location Date acquired Total Checkouts Full call number Barcode Date last seen Price effective from Koha item type
      South Mansfield College South Mansfield College   03/07/2007   MAIN HD 66 .M39 2002 SMC00653 05/23/2018 05/23/2018  

The 17 essential qualities of a team player :

APA

Maxwell J. C., .The 17 essential qualities of a team player. Nashville: .

Chicago

Maxwell John C, .The 17 essential qualities of a team player. Nashville: .

Harvard

Maxwell J. C., .The 17 essential qualities of a team player. Nashville: .

MLA

Maxwell John C, .Nashville: . .

  • Place hold
  • Print
  • Cite
  • Add to your cart (remove)
  • Save record
    BIBTEX Dublin Core MARCXML MARC (non-Unicode/MARC-8) MARC (Unicode/UTF-8) MARC (Unicode/UTF-8, Standard) MODS (XML) RIS
  • More searches
    Search for this title in:
    Other Libraries (WorldCat) Other Databases (Google Scholar) Online Stores (Bookfinder.com) Open Library (openlibrary.org)

Exporting to Dublin Core...

SOUTHVILLE LIBRARY

Southville International School and Colleges Library

1281 Tropical Ave. Cor. Luxembourg St., BF Homes International, Las Pinas City

Tel. No. 8256374 / 252358 Loc. 117/146

Powered by Koha